000 00308nam a22001337a 4500
008 171023b xxu||||| |||| 00| 0 eng d
020 _a9789995634032
041 _aALB
080 _a338
100 _a54
101 _aMEN
245 _aMAXHIMI DHE ORGANIZATAA E BIZNESET
_cLLACI.SH
942 _2udc
_cBK
999 _c35352
_d35352